Statistics for Countries by Initial Letter and Continent #3

Click here to take the quiz!

General Stats

  • This quiz has been taken 13,184 times
    (12,343 since last reset)
  • The average score is 17 of 20

Answer Stats

LetterContinentCountry% Correct
ZAfricaZimbabwe
98%
ZAfricaZambia
97%
LEuropeLatvia
94%
LEuropeLithuania
93%
CNorth AmericaCanada
91%
LEuropeLuxembourg
90%
LEuropeLiechtenstein
89%
MAsiaMalaysia
87%
NOceaniaNauru
86%
NOceaniaNew Zealand
86%
GAfricaGhana
85%
MAsiaMongolia
85%
CNorth AmericaCuba
84%
GAfricaGuinea
84%
GAfricaGabon
82%
GAfricaGambia
81%
CNorth AmericaCosta Rica
78%
GAfricaGuinea-Bissau
78%
MAsiaMyanmar
78%
MAsiaMaldives
64%

Score Distribution

Percentile by Number Answered

Percent of People with Each Score

Your Score History

You have not taken this quiz since the last reset